| 000 | 01450nam a2200361 i 4500 | ||
|---|---|---|---|
| 003 | EG-GICUC | ||
| 005 | 20260121101241.0 | ||
| 008 | 251118b1975 ua ||||f |||| 00| 0 ara d | ||
| 040 |
_a EG-GICUC _c EG-GICUC _d EG-GICUC _erda _bara |
||
| 041 | _aara | ||
| 082 | 0 | 4 |
_221 _a345.2 _bم ح . إ |
| 092 | 0 | 4 | _221 |
| 099 | _aLaw1 07 345.2 م ح . إ 1975 | ||
| 100 | 0 |
_aمحمود سلامة _eمؤلف. |
|
| 245 |
_aالأوتوماتية والإدارة الحديثة / _cإعداد محمود سلامة، إبراهيم الغمري. |
||
| 264 |
_aالقاهرة : _bجامعة الدول العربية-المنظمة العربية للعلوم الإدارية، مركز البحوث الإدارية، _c1975. |
||
| 300 |
_a75 صفحة : _c24 سم. _bإيضاحيات ؛ |
||
| 336 |
_2rda content _atext |
||
| 337 |
_2rda media _aComputer |
||
| 338 |
_2rda carrier _aOnline Resource |
||
| 490 | _v184 | ||
| 504 | _a. 75-73ببليوجرافيا: صفحات. | ||
| 504 | _aيشتمل على إرجاعات ببليوجرافية. | ||
| 546 | _aالنص باللغة العربية | ||
| 650 | 1 |
_2qrmak _aالقانون الإداري |
|
| 650 | 1 |
_2qrmak _aالميكنة |
|
| 650 | 1 |
_2qrmak _aالتنمية الإدارية |
|
| 700 |
_aإبراهيم الغمري _eمؤلف مشارك. |
||
| 830 | _0 | ||
| 856 | 4 | 0 | _uhttps://fll.law.cu.edu.eg/fulltext/bks/B07-00115.pdf |
| 905 | _aWesam Mahmoud | ||
| 942 |
_2ddc _n0 _cBK _e21 |
||
| 999 |
_c44315 _d44315 |
||